Guess the Movie by Picture - Random #2 - Statistics

General Stats
  • This quiz has been taken 50 times
  • The average score is 5 of 16
Answer Stats
Picture Answer % Correct
Scooby Doo
91%
Elvis
63%
Divergent
61%
Jumanji
48%
Christmas Chronicles
43%
The Purge
37%
Love Actually
30%
Over the Hedge
24%
Open Season
22%
We live in Time
17%
Planet 51
15%
Hitman
13%
Breakthrough
11%
Fatherhood
11%
Heaven is for Real
9%
The Swap
4%
No matching quizzes found
Score Distribution
Percent of People with Each Score
Percentile by Number Answered
Your Score History
You have not taken this quiz